Választási nagygyűlés a szegedi kábelgyárban Apró Antal találkozása üzemi dolgozókkal és termelőszövetkezeti gazdákkal /
Elmentve itt :
| Szerzők: | |
|---|---|
| Dokumentumtípus: | Cikk |
| Megjelent: |
1967-03-09
|
| Sorozat: | Délmagyarország
57 No. 58 |
| Kulcsszavak: | Apró Antal, Győri Imre, Komócsin Mihály, Perjési László, Biczó György, Sípos Géza, Halász Árpád, Oskó Lajosné, Kakuszi Géza, Nagy József, Karnóth Györgyné, Filó Béláné, Hunfalvi Tibor, Fodor István, Kábelgyár, Választási nagygyűlés Szeged 1967, választások |
| Online Access: | http://dmarchiv.bibl.u-szeged.hu/67507 |
| LEADER | 00916nab a2200181 i 4500 | ||
|---|---|---|---|
| 001 | delm67507 | ||
| 005 | 20180927153722.0 | ||
| 008 | 180927s1967 hu o 0|| hun d | ||
| 040 | |a SZTE Délmagyarország Archívum |b hun | ||
| 041 | |a hun | ||
| 100 | 1 | |a Simon István, | |
| 245 | 1 | 0 | |a Választási nagygyűlés a szegedi kábelgyárban |h [elektronikus dokumentum] : |b Apró Antal találkozása üzemi dolgozókkal és termelőszövetkezeti gazdákkal / |c Szegedi Simon István, |
| 260 | |c 1967-03-09 | ||
| 300 | |a 1, 3 | ||
| 490 | 0 | |a Délmagyarország |v 57 No. 58 | |
| 695 | |a Apró Antal, Győri Imre, Komócsin Mihály, Perjési László, Biczó György, Sípos Géza, Halász Árpád, Oskó Lajosné, Kakuszi Géza, Nagy József, Karnóth Györgyné, Filó Béláné, Hunfalvi Tibor, Fodor István, Kábelgyár, Választási nagygyűlés Szeged 1967, választások | ||
| 700 | 0 | 1 | |a Somogyi Károlyné |e aut |
| 700 | 0 | 1 | |a Apró Antal |e aut |